Geography of Pakistan - Statistics

General Stats
  • This quiz has been taken 917 times
  • The average score is 15 of 20
Answer Stats
Question Answer % Correct
What city serves as the national capital of Pakistan? Islamabad
99%
What is the second tallest mountain in the world? K2
95%
What country used be a part of Pakistan until 1971? Bangladesh
93%
What are the names of the two megacities of Pakistan? Karachi
93%
Despite not having that much native speakers, what is the national language of Pakistan? Urdu
92%
Over what region does Pakistan have disputes with India? Kashmir
91%
What are the names of the two megacities of Pakistan? Lahore
89%
The longest river in Pakistan used to be home to what cradle of civilization? Indus
88%
Which ocean sea does Pakistan border? {Arabian} Sea
87%
On what mountain range is that mountain located? Himalayas
84%
Which major "abad" city shares it name with a major Indian city? Hyderabad
74%
What is the most famous mountain pass between Afghanistan and Pakistan? {Khyber} Pass
71%
What language does the people of the city of Peshawar predominantly speak? Pashto
70%
What major peninsula is Pakistan considered to be part of? Indian {Subcontinent}
69%
What is the largest language in the world with no official status in any country? Punjabi
63%
Which Pakistani province has the largest area? Balochistan
59%
What is the capital of above? Quetta
52%
What city was formerly known as Lyallpur? Faisalabad
42%
What major desert is mostly in India, but also extends into central-eastern Pakistan? {Thar} Desert
42%
What mountain range is located between the northern Afghan-Pakistani border? Hindu Kush
39%
No matching quizzes found
Score Distribution
Percent of People with Each Score
Percentile by Number Answered
Your Score History
You have not taken this quiz